L'etique de Giordano Bruno et le deuxieme dialogue du spaccio (Record no. 51150)

MARC details
000 -LEADER
campo de control de longitud fija 00554nam a2200145 i 4500
001 - NÚMERO DE CONTROL
campo de control 51150
003 - IDENTIFICADOR DE NÚMERO DE CONTROL
campo de control ES-MaACL
007 - CAMPO FIJO DE DESCRIPCIÓN FÍSICA--INFORMACIÓN GENERAL
campo de control de longitud fija t|
008 - DATOS DE LONGITUD FIJA--INFORMACIÓN GENERAL
campo de control de longitud fija 030811s1919 fr ||||1| fre d
100 1# - ENTRADA PRINCIPAL--NOMBRE DE PERSONA
Nombre de persona Charbonnell, J. Roger.
9 (RLIN) 38063
245 12 - MENCIÓN DEL TÍTULO
Título L'etique de Giordano Bruno et le deuxieme dialogue du spaccio
Resto del título : (traduction avec notes et commentaire) : contribution al'étude des conceptions morales de la Renaissance /
Mención de responsabilidad, etc. par J. Roger Charbonnell.
260 ## - PUBLICACIÓN, DISTRIBUCIÓN, ETC.
Lugar de publicación, distribución, etc. Paris :
Nombre del editor, distribuidor, etc. [s.n.,
Fecha de publicación, distribución, etc. 1919] (
Lugar de fabricación/manufactura Lyon :
Fabricante A. Rey)
300 ## - DESCRIPCIÓN FÍSICA
Extensión 339 p. ;
Dimensiones 25 cm.
852 ## - LOCALIZACIÓN
Ubicación ES-MaACL
Número de control de estantería B-3928
Holdings
Estatus retirado Estado de pérdida Estado de daño No para préstamo Biblioteca de origen Biblioteca actual Ubicación en estantería Fecha de adquisición Fuente de adquisición Total de préstamos Signatura topográfica completa Código de barras Visto por última vez Precio de reemplazo Tipo de ítem Koha
        Biblioteca del Ateneo de Madrid Biblioteca del Ateneo de Madrid Sala Pardo Bazán 17/01/2008     B-3928 1053798 23/02/2023 23/02/2023 Libro impreso